Creatividad, acción y valores : hacia una teoría sociológica de la contingencia /

Đã lưu trong:
Chi tiết về thư mục
Tác giả chính: Joas, Hans, 1948-
Định dạng: eBook
Ngôn ngữ:Tiếng Tây Ban Nha
Được phát hành: México : Universidad Autónoma Metropolitana, Unidad Iztapalapa, 2002.
Loạt:Biblioteca de signos. ; 18.
Những chủ đề:
Truy cập trực tuyến:https://elibro.unach.elogim.com/es/lc/unach/titulos/74921
Các nhãn: Thêm thẻ
Không có thẻ, Là người đầu tiên thẻ bản ghi này!

MARC

LEADER 00000nam a2200000 i 4500
001 ELB74921
003 FlNmELB
006 m o d |
007 cr cnu||||||||
008 150708s2002 mx ob 000 0 spa d
020 |z 9789707012141 
020 |a 9781512904376 (e-book) 
035 |a (MiAaPQ)EBC3428877 
035 |a (Au-PeEL)EBL3428877 
035 |a (CaPaEBR)ebr11059343 
035 |a (OCoLC)949135447 
040 |a FINmELB  |b spa  |e rda  |c FINmELB 
050 4 |a HM1121  |b J624 2002 
080 |a 304.2 
082 0 |a 303.6  |2 23 
100 1 |a Joas, Hans,  |d 1948- 
245 1 0 |a Creatividad, acción y valores :  |b hacia una teoría sociológica de la contingencia /  |c Hans Joas. 
264 1 |a México :  |b Universidad Autónoma Metropolitana, Unidad Iztapalapa,  |c 2002. 
300 |a 1 recurso en línea (133 páginas) 
336 |a texto  |b txt  |2 rdacontent/spa 
337 |a computadora  |b c  |2 rdamedia/spa 
338 |a recurso en línea  |b cr  |2 rdacarrier/spa 
490 1 |a Biblioteca de signos ;  |v 18 
504 |a Contiene referencias bibliográficas. 
588 |a Descripción basada en recurso en línea; Título de la página del título en PDF (e-libro, visto July 08, 2015). 
590 |a Recurso electrónico. Santa Fe, Arg.: e-libro, 2015. Disponible vía World Wide Web. El acceso puede estar limitado para las bibliotecas afiliadas a e-libro. 
650 0 |a Social conflict. 
650 4 |a Conflicto social. 
650 0 |a Sociology. 
650 4 |a Sociología. 
655 4 |a Libros electrónicos. 
797 2 |a e-libro, Corp. 
830 0 |a Biblioteca de signos. ;  |v 18. 
856 4 0 |u https://elibro.unach.elogim.com/es/lc/unach/titulos/74921